| 000 | 00904nam a22002057a 4500 | ||
|---|---|---|---|
| 999 |
_c4709 _d4709 |
||
| 003 | AR-CdUCM | ||
| 008 | 190311b ||||| |||| 00| 0 spa d | ||
| 040 |
_aMUNICIPALIDAD PROVINCIAL DEL CUSCO _cBIBLIOTECA MUNICIPAL DEL CUSCO |
||
| 082 |
_a975 / _bG66 |
||
| 100 |
_aGonzáles Camino, Fernando _914605 |
||
| 245 |
_aAlta es la noche : _bCentroamperica ayer, hoy y mañana / |
||
| 260 |
_aMadrid : _bEdiciones de Cultura Hipánica , _c1990. |
||
| 300 |
_a348 páginas ; _c24 cm. |
||
| 505 | _aContenido : El peso del pasado -- De la union a la disgregacion -- la reforma cafetalera -- del enclave bananero -- el caudillismo depresivo -- la señal de alerta -- Integracion y desarrollo -- Seguridad Nacional -- No pasarán... | ||
| 650 |
_aHistoria de America Central _914606 |
||
| 650 |
_aAmerica Central _914607 |
||
| 650 |
_aSociologia de America Central _914608 |
||
| 942 |
_2ddc _cLIBROS |
||
| 945 | _artm | ||